Freud, Nietzche e outros alemaes : artigos, ensaios, entrevistas /
Gardado en:
| Autor Principal: | |
|---|---|
| Formato: | Desconocido |
| Publicado: |
Río de Janeiro :
Imago,
1995.
|
| Materias: | |
| Etiquetas: |
Engadir etiqueta
Sen Etiquetas, Sexa o primeiro en etiquetar este rexistro!
|
MARC
| LEADER | 000000000a22000000004500 | ||
|---|---|---|---|
| 001 | 002795 | ||
| 020 | |a 8531204283 | ||
| 082 | 0 | 4 | |a 801.95D |b S729f |
| 100 | 1 | |a Souza, Paulo CESAR de | |
| 245 | 1 | 0 | |a Freud, Nietzche e outros alemaes : |b artigos, ensaios, entrevistas / |c Paulo CESAR de Souza. |
| 260 | 1 | |a Río de Janeiro : |b Imago, |c 1995. | |
| 300 | |a 192 páginas | ||
| 500 | |a La biblioteca posee otro ejemplar con número de inscripción 14059 -- (Colección George Yudice) | ||
| 650 | 4 | |a CRITICA LITERARIA | |
| 999 | |c 9151 |d 9151 | ||
| 942 | |c BK |h 801.95D S729f |2 z | ||



